[Event "AZE-ch Prelim 78th"]
[Site "Baku"]
[Date "2024.04.16"]
[Round "6"]
[White "Sadikhov, Ulvi Ramil Oglu"]
[Black "Talibov, Shiroghlan"]
[Result "1-0"]
[WhiteElo "2497"]
[BlackElo "2373"]
[PlyCount "45"]
[EventDate "2024.04.11"]
[EventType "swiss"]
[EventRounds "9"]
[EventCountry "AZE"]
[SourceTitle "CB17_2024"]
[SourceDate "2024.04.24"]
[SourceVersion "1"]
[SourceVersionDate "2024.04.24"]
[SourceQuality "1"]

1. c4 e6 2. g3 d5 3. Bg2 Nf6 4. Nf3 Be7 5. 0-0 0-0 6. d3 c5 7. cxd5 Nxd5 8. d4 Nc6 9. dxc5 Bxc5 10. a3 a5 11. Qc2 Qe7 12. e4 Nb6 13. e5 Nd4 14. Qd3 Nxf3+ 15. Qxf3 Bd4 16. Qe2 Qc5 17. Nd2 Qxe5 18. Qd3 Rd8 19. Nf3 Qd6 20. Qxd4 Qxd4 21. Nxd4 Rxd4 22. Be3 Rd6 23. Bc5 1-0

[Event "AZE-ch Prelim 78th"]
[Site "Baku"]
[Date "2024.04.15"]
[Round "5"]
[White "Suleymanli, Suleyman"]
[Black "Sadikhov, Ulvi Ramil Oglu"]
[Result "0-1"]
[WhiteElo "2246"]
[BlackElo "2497"]
[PlyCount "94"]
[EventDate "2024.04.11"]
[EventType "swiss"]
[EventRounds "9"]
[EventCountry "AZE"]
[SourceTitle "CB17_2024"]
[SourceDate "2024.04.24"]
[SourceVersion "1"]
[SourceVersionDate "2024.04.24"]
[SourceQuality "1"]

1. Nf3 g6 2. d4 Bg7 3. c4 c5 4. e3 Nf6 5. Nc3 cxd4 6. exd4 0-0 7. Be2 d5 8. c5 Nc6 9. 0-0 Ne4 10. Be3 Bg4 11. h3 Bxf3 12. Bxf3 f5 13. Qb3 e6 14. Bxe4 fxe4 15. Qxb7 Nxd4 16. Rad1 Nf5 17. Bf4 Rf7 18. Qa6 Qc8 19. Qa3 Bf8 20. Na4 Qc6 21. b4 a5 22. b5 Qxb5 23. Rb1 Qe8 24. Nb6 Raa7 25. Be5 Qc6 26. Rfc1 Bh6 27. Rc2 d4 28. Qa4 Qxa4 29. Nxa4 d3 30. Rc4 Rab7 31. Rxb7 Rxb7 32. c6 Rb1+ 33. Kh2 d2 34. Nc3 Rc1 35. c7 Ne7 36. c8Q+ Nxc8 37. Rxc8+ Kf7 38. Rd8 Ke7 39. Rh8 Rxc3 40. Rxh7+ Ke8 41. Bxc3 Bf4+ 42. g3 d1Q 43. gxf4 e3 44. Rh8+ Kd7 45. Bxa5 Qe2 46. Rh7+ Kc8 47. Be1 exf2 0-1

[Event "EU-Cup 38th"]
[Site "Durres"]
[Date "2023.10.06"]
[Round "6.6"]
[White "Sadikhov, Ulvi Ramil Oglu"]
[Black "Bartel, Mateusz"]
[Result "0-1"]
[WhiteElo "2492"]
[BlackElo "2651"]
[PlyCount "74"]
[EventDate "2023.10.01"]
[EventType "team-swiss"]
[EventRounds "7"]
[EventCountry "ALB"]
[SourceTitle "EXT 2024"]
[Source "ChessBase"]
[SourceDate "2023.10.10"]
[SourceVersion "1"]
[SourceVersionDate "2023.10.10"]
[SourceQuality "1"]
[WhiteTeam "Vugar Gashimov"]
[BlackTeam "Novy Bor"]
[WhiteTeamCountry "AZE"]
[BlackTeamCountry "CZE"]

1. c4 e6 2. g3 d5 3. Bg2 dxc4 4. Qa4+ Qd7 5. Qxc4 c5 6. Nf3 Nc6 7. 0-0 Nf6 8. Nc3 Be7 9. d4 cxd4 10. Rd1 e5 11. e3 d3 12. Ng5 0-0 13. Rxd3 Qe8 14. Nb5 Na5 15. Qa4 Bd7 16. Qxa5 Bxb5 17. Rb3 Bc6 18. Bd2 Rd8 19. Bxc6 Qxc6 20. Rc1 Qd7 21. Rc7 Qg4 22. Rxe7 b6 23. Qxe5 Rxd2 24. Qf4 Rd1+ 25. Kg2 Qe2 26. g4 h6 27. Ne4 Nd5 28. Qe5 Nxe7 29. Qxe7 Qxg4+ 30. Ng3 Rd7 31. Qe5 Rc8 32. h3 Qg6 33. e4 Rd2 34. Rf3 Qe6 35. Qf4 Rcc2 36. Nf5 Qg6+ 37. Kh2 Qg5 0-1

[Event "EU-Cup 38th"]
[Site "Durres"]
[Date "2023.10.05"]
[Round "5.6"]
[White "Charmeteau, Sven"]
[Black "Sadikhov, Ulvi Ramil Oglu"]
[Result "0-1"]
[WhiteElo "2288"]
[BlackElo "2492"]
[PlyCount "112"]
[EventDate "2023.10.01"]
[EventType "team-swiss"]
[EventRounds "7"]
[EventCountry "ALB"]
[SourceTitle "EXT 2024"]
[Source "ChessBase"]
[SourceDate "2023.10.10"]
[SourceVersion "1"]
[SourceVersionDate "2023.10.10"]
[SourceQuality "1"]
[WhiteTeam "Werder Bremen"]
[BlackTeam "Vugar Gashimov"]
[WhiteTeamCountry "GER"]
[BlackTeamCountry "AZE"]

1. e4 c5 2. Nf3 Nc6 3. d4 cxd4 4. Nxd4 g6 5. Nc3 Bg7 6. Be3 Nf6 7. Bc4 0-0 8. Bb3 Re8 9. 0-0 d6 10. h3 Na5 11. Qd3 b6 12. Rae1 Nxb3 13. axb3 Bb7 14. f4 a6 15. f5 b5 16. Rf2 Nd7 17. Bg5 Ne5 18. Qd1 Qa5 19. Nd5 Bxd5 20. exd5 b4 21. Nf3 Rad8 22. Ref1 Qc5 23. Kh1 Nd7 24. Nh2 h6 25. fxg6 fxg6 26. Bh4 g5 27. Bg3 Nf6 28. Rf5 Rc8 29. Qe1 Qxc2 30. Qe6+ Kh8 31. Ng4 Qxb3 32. Nxf6 exf6 33. Qxd6 Red8 34. R5f3 Qxd5 35. Qxb4 Rc2 36. Be1 Qb5 37. Qxb5 axb5 38. Bc3 Rd6 39. b3 Kh7 40. Bxf6 Bxf6 41. Rxf6 Rxf6 42. Rxf6 Rc3 43. h4 gxh4 44. b4 Rc4 45. Kh2 Rxb4 46. Kh3 Rd4 47. Rb6 b4 48. Rc6 Kg7 49. Rb6 h5 50. Rb5 Kf6 51. Rxh5 Ke6 52. g4 hxg3 53. Kxg3 Kd6 54. Kf3 Rd5 55. Rh8 Kc5 56. Ke4 Rd7 0-1

[Event "EU-Cup 38th"]
[Site "Durres"]
[Date "2023.10.03"]
[Round "3.6"]
[White "Sadikhov, Ulvi Ramil Oglu"]
[Black "Shevchenko, Kirill"]
[Result "1/2-1/2"]
[WhiteElo "2492"]
[BlackElo "2671"]
[PlyCount "128"]
[EventDate "2023.10.01"]
[EventType "team-swiss"]
[EventRounds "7"]
[EventCountry "ALB"]
[SourceTitle "EXT 2024"]
[Source "ChessBase"]
[SourceDate "2023.10.10"]
[SourceVersion "1"]
[SourceVersionDate "2023.10.10"]
[SourceQuality "1"]
[WhiteTeam "Vugar Gashimov"]
[BlackTeam "Superchess"]
[WhiteTeamCountry "AZE"]
[BlackTeamCountry "ROU"]

1. c4 e6 2. g3 d5 3. Bg2 d4 4. Nf3 Nc6 5. 0-0 Nh6 6. e3 Nf5 7. e4 Nfe7 8. d3 Ng6 9. Na3 e5 10. Bd2 Bc5 11. Nc2 a5 12. a3 a4 13. Nb4 Qd6 14. Nxc6 Qxc6 15. Bb4 0-0 16. Qd2 Ra6 17. Bxc5 Qxc5 18. Qb4 Qa7 19. Qd2 Re8 20. Ne1 Qc5 21. Qb4 Qa5 22. Nf3 Nf8 23. c5 f6 24. Nd2 Ne6 25. Rfc1 Bd7 26. Qxb7 Bc6 27. Qb4 Qxb4 28. axb4 Rb8 29. Bh3 Ng5 30. Bg4 Rxb4 31. h4 Nf7 32. b3 Nd8 33. Rc4 Rxc4 34. dxc4 Ra8 35. b4 Be8 36. Nb1 Rb8 37. b5 c6 38. Rxa4 cxb5 39. Rb4 Nb7 40. cxb5 Nxc5 41. Na3 Nxe4 42. b6 Nc3 43. f4 Bf7 44. fxe5 fxe5 45. b7 h5 46. Bc8 Nd5 47. Rb2 Ne7 48. Bd7 Bd5 49. Rb5 d3 50. Rxd5 Nxd5 51. Be6+ Kf8 52. Bxd5 d2 53. Bf3 Rxb7 54. Bd1 Rc7 55. Nc2 g6 56. Kf2 Rc4 57. Ne3 Rd4 58. Ke2 e4 59. Bc2 Kf7 60. Nf1 Kf6 61. Nxd2 g5 62. Nxe4+ Rxe4+ 63. Bxe4 gxh4 64. gxh4 Kg7 1/2-1/2

[Event "TUR-chT 1st League"]
[Site "Denizli"]
[Date "2023.07.12"]
[Round "5.32"]
[White "Sadikhov, Ulvi Ramil Oglu"]
[Black "Kuzubov, Yuriy"]
[Result "1/2-1/2"]
[WhiteElo "2478"]
[BlackElo "2628"]
[PlyCount "89"]
[EventDate "2023.07.09"]
[EventType "team-swiss"]
[EventRounds "9"]
[EventCountry "TUR"]
[SourceTitle "CBM 215 Extra"]
[Source "ChessBase"]
[SourceDate "2023.09.30"]
[SourceVersion "1"]
[SourceVersionDate "2023.09.30"]
[SourceQuality "1"]
[WhiteTeam "Pamukkale Universiteli"]
[BlackTeam "Besiktas Jimnastik"]
[WhiteTeamCountry "TUR"]
[BlackTeamCountry "TUR"]

1. c4 e5 2. d3 Nf6 3. Nf3 Nc6 4. Nc3 d5 5. cxd5 Nxd5 6. e3 Nxc3 7. bxc3 Bd6 8. Be2 0-0 9. e4 b6 10. 0-0 Bb7 11. Bg5 Be7 12. Be3 f5 13. exf5 Rxf5 14. Nd2 Na5 15. Ne4 Rf8 16. Bg4 Qd5 17. Bf3 Qd7 18. Bg4 Qc6 19. Bf3 Qe8 20. Bh5 Qb5 21. c4 Qc6 22. Bf3 Qd7 23. Bg4 Qe8 24. Bh5 Qd8 25. Bg4 Kh8 26. Be6 Bxe4 27. dxe4 Qxd1 28. Rfxd1 Rf6 29. Bg4 h6 30. Rd7 Bd6 31. c5 bxc5 32. Rc1 c4 33. h4 Raf8 34. h5 a6 35. Bf5 Nc6 36. Rxc4 Nb8 37. Rdxc7 Bxc7 38. Rxc7 Nc6 39. Bc5 Rb8 40. g4 Nd8 41. Ba7 Ra8 42. Be3 Rf7 43. Bc5 Rxc7 44. g5 hxg5 45. Bg6 1/2-1/2

[Event "TUR-chT 1st League"]
[Site "Denizli"]
[Date "2023.07.09"]
[Round "1.12"]
[White "Sadikhov, Ulvi Ramil Oglu"]
[Black "Yelligedik, Murat"]
[Result "1-0"]
[WhiteElo "2478"]
[BlackElo "2026"]
[PlyCount "60"]
[EventDate "2023.07.09"]
[EventType "team-swiss"]
[EventRounds "9"]
[EventCountry "TUR"]
[SourceTitle "CBM 215 Extra"]
[Source "ChessBase"]
[SourceDate "2023.09.30"]
[SourceVersion "1"]
[SourceVersionDate "2023.09.30"]
[SourceQuality "1"]
[WhiteTeam "Pamukkale Universiteli"]
[BlackTeam "Yalova Belediye"]
[WhiteTeamCountry "TUR"]
[BlackTeamCountry "TUR"]

1. Nf3 g6 2. e4 c5 3. g3 Bg7 4. Bg2 Nc6 5. 0-0 d6 6. c3 e5 7. d3 Nge7 8. a3 0-0 9. b4 a6 10. Nbd2 Be6 11. Bb2 h6 12. Re1 Rc8 13. Nb3 b6 14. Nfd2 Qc7 15. Rc1 cxb4 16. cxb4 d5 17. d4 dxe4 18. dxe5 Rfd8 19. Qc2 Qb8 20. Qxe4 a5 21. b5 a4 22. bxc6 axb3 23. Qe2 b5 24. Rc5 b4 25. a4 Qa7 26. Rec1 Nd5 27. Nxb3 Qxa4 28. Nd4 Bf8 29. Nxe6 fxe6 30. Bxd5 Rxd5 1-0

[Event "Cesme op-A 9th"]
[Site "Cesme"]
[Date "2023.06.25"]
[Round "9"]
[White "Sadikhov, Ulvi Ramil Oglu"]
[Black "Annaberdiev, Meilis"]
[Result "1-0"]
[WhiteElo "2472"]
[BlackElo "2504"]
[PlyCount "61"]
[EventDate "2023.06.19"]
[EventType "swiss"]
[EventRounds "9"]
[EventCountry "TUR"]
[SourceTitle "CBM 214 Extra"]
[Source "ChessBase"]
[SourceDate "2023.07.31"]
[SourceVersion "1"]
[SourceVersionDate "2023.07.31"]
[SourceQuality "1"]

1. e4 e5 2. Nf3 Nc6 3. Bb5 a6 4. Ba4 Nf6 5. 0-0 Be7 6. Nc3 b5 7. Bb3 d6 8. a4 b4 9. Nd5 Na5 10. Ba2 Nxd5 11. exd5 Bg4 12. h3 Bh5 13. g4 Bg6 14. d4 e4 15. Nd2 h5 16. Re1 hxg4 17. hxg4 Qd7 18. Nxe4 Kf8 19. Bf4 Re8 20. Ng3 Rh4 21. f3 Bf6 22. Rxe8+ Qxe8 23. c3 Qb8 24. Qe2 Qb6 25. Re1 Kg8 26. Kg2 Qb7 27. g5 b3 28. Bb1 Bxb1 29. Qe8+ Kh7 30. gxf6 Qxd5 31. Qf8 1-0

[Event "Cesme op-A 9th"]
[Site "Cesme"]
[Date "2023.06.20"]
[Round "2"]
[White "Ratsma, Midas"]
[Black "Sadikhov, Ulvi Ramil Oglu"]
[Result "1/2-1/2"]
[WhiteElo "2218"]
[BlackElo "2472"]
[PlyCount "88"]
[EventDate "2023.06.19"]
[EventType "swiss"]
[EventRounds "9"]
[EventCountry "TUR"]
[SourceTitle "CBM 214 Extra"]
[Source "ChessBase"]
[SourceDate "2023.07.31"]
[SourceVersion "1"]
[SourceVersionDate "2023.07.31"]
[SourceQuality "1"]

1. e4 Nc6 2. d4 d5 3. e5 Bf5 4. c3 e6 5. f4 f6 6. Nf3 Qd7 7. Be2 Nge7 8. 0-0 Ng6 9. b4 Be7 10. a4 0-0 11. Be3 a5 12. b5 Na7 13. Nbd2 fxe5 14. fxe5 Nh4 15. Nxh4 Bxh4 16. Bg4 Be7 17. Bxf5 exf5 18. Qh5 c6 19. bxc6 Qxc6 20. Rfc1 b5 21. Qd1 Rfc8 22. Qb3 Rab8 23. Qa2 bxa4 24. Qxa4 Qxa4 25. Rxa4 Nb5 26. Nb1 Ra8 27. Rc2 Bb4 28. Rb2 Nxc3 29. Nxc3 Bxc3 30. Rba2 Rab8 31. Kf2 Rb1 32. Ke2 Bb4 33. Bd2 Kf8 34. Bxb4+ axb4 35. Ra8 Rbc1 36. R2a7 b3 37. Rxc8+ Rxc8 38. Rb7 Rc2+ 39. Kf3 b2 40. Kf4 Rf2+ 41. Kg3 Rd2 42. Kf4 Rf2+ 43. Kg3 Re2 44. Kf4 Rf2+ 1/2-1/2

[Event "Baku op"]
[Site "Baku"]
[Date "2023.05.07"]
[Round "4"]
[White "Mendonca, Leon Luke"]
[Black "Sadikhov, Ulvi Ramil Oglu"]
[Result "1-0"]
[WhiteElo "2596"]
[BlackElo "2489"]
[PlyCount "59"]
[EventDate "2023.05.04"]
[EventType "swiss"]
[EventRounds "9"]
[EventCountry "AZE"]
[SourceTitle "CBM 214 Extra"]
[Source "ChessBase"]
[SourceDate "2023.07.31"]
[SourceVersion "1"]
[SourceVersionDate "2023.07.31"]
[SourceQuality "1"]

1. d4 Nf6 2. c4 g6 3. Nc3 Bg7 4. e4 d6 5. Be2 0-0 6. Nf3 e5 7. 0-0 Na6 8. Be3 Qe7 9. d5 Ng4 10. Bg5 f6 11. Bh4 h5 12. Nd2 Nh6 13. f3 Nf7 14. Rb1 c5 15. dxc6 bxc6 16. b4 Nc7 17. Nb3 Bh6 18. Bf2 f5 19. Na5 Bd7 20. b5 c5 21. Nd5 Nxd5 22. cxd5 fxe4 23. fxe4 Ng5 24. Nc6 Qh7 25. Qd3 Rf4 26. Be3 c4 27. Qa3 Rxe4 28. b6 Rxe3 29. b7 Re8 30. Qxe3 1-0

[Event "Baku op"]
[Site "Baku"]
[Date "2023.05.06"]
[Round "3"]
[White "Sadikhov, Ulvi Ramil Oglu"]
[Black "Asadli, Vugar Afgan Oglu"]
[Result "1/2-1/2"]
[WhiteElo "2489"]
[BlackElo "2584"]
[PlyCount "37"]
[EventDate "2023.05.04"]
[EventType "swiss"]
[EventRounds "9"]
[EventCountry "AZE"]
[SourceTitle "CBM 214 Extra"]
[Source "ChessBase"]
[SourceDate "2023.07.31"]
[SourceVersion "1"]
[SourceVersionDate "2023.07.31"]
[SourceQuality "1"]

1. c4 Nf6 2. Nf3 e6 3. g3 d5 4. Bg2 dxc4 5. Qa4+ Nbd7 6. Qxc4 a6 7. Qc2 c5 8. Nc3 Qc7 9. 0-0 b6 10. d4 Bb7 11. dxc5 Bxc5 12. Bf4 Bd6 13. Bxd6 Qxd6 14. Rfd1 Qc7 15. Rac1 Rc8 16. Qb1 Qb8 17. Nd2 Bxg2 18. Kxg2 0-0 19. Nde4 1/2-1/2

[Event "Baku op"]
[Site "Baku"]
[Date "2023.05.05"]
[Round "2"]
[White "Abdinova, Narmin"]
[Black "Sadikhov, Ulvi Ramil Oglu"]
[Result "0-1"]
[WhiteElo "2092"]
[BlackElo "2489"]
[PlyCount "100"]
[EventDate "2023.05.04"]
[EventType "swiss"]
[EventRounds "9"]
[EventCountry "AZE"]
[SourceTitle "CBM 214 Extra"]
[Source "ChessBase"]
[SourceDate "2023.07.31"]
[SourceVersion "1"]
[SourceVersionDate "2023.07.31"]
[SourceQuality "1"]

1. d4 Nf6 2. c4 d6 3. Nc3 g6 4. g3 Bg7 5. Bg2 0-0 6. Nf3 c6 7. 0-0 Bf5 8. Ne1 Qc8 9. e4 Bh3 10. Nd3 Bxg2 11. Kxg2 a6 12. f4 b5 13. e5 Ne8 14. b3 Nd7 15. Qe2 Qb7 16. c5 Nc7 17. Be3 b4 18. Ne4 f5 19. Ng5 dxc5 20. dxc5 Rfd8 21. Rad1 Nf8 22. Nb2 Nd5 23. Na4 Qb5 24. Qf2 Bh6 25. Nf3 Ne6 26. Nd4 Nxd4 27. Bxd4 e6 28. h4 Ra7 29. Rd2 Rad7 30. Rfd1 Bf8 31. Nb2 a5 32. Nc4 a4 33. Nd6 Qa6 34. h5 gxh5 35. Rh1 Rg7 36. Rxh5 Rg4 37. Kf3 axb3 38. axb3 Qa3 39. Rb2 Qa1 40. Ke2 Ra8 41. Qf3 Ra2 42. Nc4 Rxb2+ 43. Bxb2 Qg1 44. Rg5+ Rxg5 45. fxg5 Bxc5 46. Qh5 Qxg3 47. Bc1 Nc3+ 48. Kd2 Ne4+ 49. Ke2 Bf8 50. Qe8 Qf2+ 0-1

[Event "EU-ch 23rd"]
[Site "Vrnjacka Banja"]
[Date "2023.03.13"]
[Round "11"]
[White "Sadikhov, Ulvi Ramil Oglu"]
[Black "Eren, Ataberk"]
[Result "0-1"]
[WhiteElo "2485"]
[BlackElo "2308"]
[PlyCount "106"]
[EventDate "2023.03.03"]
[EventType "swiss"]
[EventRounds "11"]
[EventCountry "SRB"]
[SourceTitle "CBM 213"]
[Source "ChessBase"]
[SourceDate "2023.04.30"]
[SourceVersion "1"]
[SourceVersionDate "2023.04.30"]
[SourceQuality "1"]

1. Nf3 d5 2. g3 g6 3. c4 dxc4 4. Bg2 Bg7 5. Na3 e5 6. Qc2 Nc6 7. Nxc4 Nge7 8. d3 0-0 9. a3 Bg4 10. Ncd2 h6 11. 0-0 Qd7 12. Re1 Rad8 13. Qb1 a5 14. b3 Rfe8 15. Bb2 Nd5 16. e3 Kh7 17. Ne4 b6 18. Ned2 Nde7 19. Bf1 Qd5 20. e4 Qe6 21. Qc2 Rd7 22. Rac1 Red8 23. Nh4 h5 24. Ng2 Bh3 25. Qc4 Bh6 26. Qxe6 Bxe6 27. f4 Bh3 28. Nf3 Bxg2 29. Kxg2 exf4 30. d4 fxg3 31. Rc2 g5 32. d5 g4 33. Nh4 Na7 34. hxg3 Bg7 35. Bxg7 Kxg7 36. Rf2 c6 37. Bc4 cxd5 38. exd5 Nac8 39. Nf5+ Nxf5 40. Rxf5 b5 41. Bxb5 Rxd5 42. Ree5 Rxe5 43. Rxe5 Rd2+ 44. Re2 Rd4 45. Rb2 Nb6 46. Bc6 Rd3 47. Bb5 Rc3 48. Be2 Kf6 49. b4 a4 50. Rd2 Ke5 51. Rd3 Rb3 52. Kf2 Nd5 53. Ke1 Nc3 0-1

[Event "EU-ch 23rd"]
[Site "Vrnjacka Banja"]
[Date "2023.03.08"]
[Round "6"]
[White "Dardha, Daniel"]
[Black "Sadikhov, Ulvi Ramil Oglu"]
[Result "1/2-1/2"]
[WhiteElo "2610"]
[BlackElo "2485"]
[PlyCount "101"]
[EventDate "2023.03.03"]
[EventType "swiss"]
[EventRounds "11"]
[EventCountry "SRB"]
[SourceTitle "CBM 213"]
[Source "ChessBase"]
[SourceDate "2023.04.30"]
[SourceVersion "1"]
[SourceVersionDate "2023.04.30"]
[SourceQuality "1"]

1. d4 Nf6 2. c4 g6 3. Nc3 Bg7 4. e4 d6 5. Nf3 0-0 6. Bd3 Bg4 7. Be2 c5 8. d5 e6 9. 0-0 exd5 10. exd5 Nfd7 11. Bg5 Qb6 12. Qd2 Re8 13. Rac1 Ne5 14. Nxe5 Bxe2 15. Nxe2 Bxe5 16. f4 Bg7 17. f5 Qxb2 18. Rc2 Qe5 19. Bf4 Qxf5 20. Bxd6 Qc8 21. Qf4 f5 22. Qf3 Nd7 23. Nf4 Nf6 24. Ne6 Rxe6 25. dxe6 Ne4 26. Bf4 Qxe6 27. h3 Rd8 28. Kh1 Rd4 29. g4 Qc6 30. Rg2 g5 31. Be3 Rd3 32. gxf5 Be5 33. f6 Qxf6 34. Qxf6 Bxf6 35. Bxc5 Rxh3+ 36. Kg1 Kg7 37. Bxa7 Ra3 38. Re1 Nc3 39. Bc5 Ra4 40. Be7 Rxc4 41. Bxf6+ Kxf6 42. Rf2+ Kg6 43. Re6+ Kh5 44. Rh2+ Kg4 45. Rxh7 Nxa2 46. Re2 Nc3 47. Rg2+ Kf5 48. Rxb7 Ne4 49. Rb1 Rc3 50. Rf1+ Ke5 51. Re1 1/2-1/2

[Event "EU-ch 23rd"]
[Site "Vrnjacka Banja"]
[Date "2023.03.04"]
[Round "2"]
[White "Ciric, Pavle"]
[Black "Sadikhov, Ulvi Ramil Oglu"]
[Result "0-1"]
[WhiteElo "2037"]
[BlackElo "2485"]
[PlyCount "47"]
[EventDate "2023.03.03"]
[EventType "swiss"]
[EventRounds "11"]
[EventCountry "SRB"]
[SourceTitle "CBM 213"]
[Source "ChessBase"]
[SourceDate "2023.04.30"]
[SourceVersion "1"]
[SourceVersionDate "2023.04.30"]
[SourceQuality "1"]

1. e4 d6 2. d4 Nf6 3. Nc3 Nbd7 4. Nf3 e5 5. Bc4 Be7 6. 0-0 0-0 7. h3 c6 8. a4 a5 9. Ba2 h6 10. Be3 Re8 11. dxe5 Nxe5 12. Nxe5 dxe5 13. Qxd8 Rxd8 14. Rad1 Re8 15. f4 exf4 16. Rxf4 Be6 17. Bxe6 fxe6 18. Bd4 Red8 19. Bxf6 Bxf6 20. Rff1 Rd4 21. Rxd4 Bxd4+ 22. Kh1 b5 23. Rf3 Re8 24. Nb1 0-1

[Event "AZE-ch Prelim 77th"]
[Site "Baku"]
[Date "2023.01.21"]
[Round "8"]
[White "Sadikhov, Ulvi Ramil Oglu"]
[Black "Suleymanli, Aydin Elshan"]
[Result "0-1"]
[WhiteElo "2490"]
[BlackElo "2543"]
[PlyCount "142"]
[EventDate "2023.01.13"]
[EventType "swiss"]
[EventRounds "9"]
[EventCountry "AZE"]
[SourceTitle "CBM 212 Extra"]
[Source "ChessBase"]
[SourceDate "2023.03.31"]
[SourceVersion "1"]
[SourceVersionDate "2023.03.31"]
[SourceQuality "1"]

1. c4 e5 2. Nc3 Bb4 3. Qc2 d6 4. Nf3 Bxc3 5. Qxc3 c5 6. e3 Nf6 7. d3 0-0 8. Be2 Nc6 9. a3 a5 10. b3 Qe7 11. Bb2 Bg4 12. 0-0 Rae8 13. h3 Bh5 14. Rfe1 Bg6 15. Nd2 Qd7 16. Bf3 b6 17. Rad1 d5 18. cxd5 Nxd5 19. Qc4 Nc7 20. Ne4 Rd8 21. Rc1 Ne6 22. Red1 Kh8 23. Nc3 Ne7 24. Be2 f6 25. Qa6 Ra8 26. Qb5 Rfd8 27. Bg4 Bf5 28. Bf3 Rab8 29. Qxd7 Rxd7 30. e4 Bg6 31. Bg4 Bf7 32. b4 axb4 33. axb4 cxb4 34. Nb5 h5 35. Bxe6 Bxe6 36. Rc7 Rxc7 37. Nxc7 Bb3 38. Ra1 Rc8 39. Ra8 Bc2 40. Rxc8+ Nxc8 41. d4 exd4 42. Bxd4 Bxe4 43. f3 Bc2 44. Kf2 Kh7 45. Ke1 Nd6 46. Nd5 b3 47. Kd2 b5 48. Kc3 Nf5 49. Bf2 h4 50. Kd2 Nd6 51. Ne3 g5 52. g3 Nc4+ 53. Nxc4 hxg3 54. Bxg3 bxc4 55. h4 Bd3 56. Kc3 Kg6 57. hxg5 fxg5 58. Bd6 Kf5 59. Ba3 Be2 60. Bc1 Bf1 61. Kd2 Bg2 62. Kc3 Bxf3 63. Kxc4 Bd1 64. Kd3 g4 65. Kd2 Bf3 66. Ke3 Bd5 67. Bb2 g3 68. Bd4 Kg4 69. Ke2 Kh3 70. Kd2 Kg2 71. Ke1 Kh1 0-1

[Event "AZE-ch Prelim 77th"]
[Site "Baku"]
[Date "2023.01.18"]
[Round "6"]
[White "Mustafayev, Farid Farman Oglu"]
[Black "Sadikhov, Ulvi Ramil Oglu"]
[Result "0-1"]
[WhiteElo "2302"]
[BlackElo "2490"]
[PlyCount "102"]
[EventDate "2023.01.13"]
[EventType "swiss"]
[EventRounds "9"]
[EventCountry "AZE"]
[SourceTitle "CBM 212 Extra"]
[Source "ChessBase"]
[SourceDate "2023.03.31"]
[SourceVersion "1"]
[SourceVersionDate "2023.03.31"]
[SourceQuality "1"]

1. d4 d6 2. Nf3 g6 3. Bg5 Bg7 4. Nbd2 Nf6 5. e4 Nc6 6. Bd3 0-0 7. 0-0 h6 8. Bxf6 Bxf6 9. c3 e5 10. dxe5 dxe5 11. Nc4 Re8 12. Ne3 Nb8 13. Qe2 Nd7 14. Rad1 Bg7 15. Bc4 Bf8 16. h4 Kg7 17. h5 Bd6 18. Bb5 a6 19. Bxd7 Bxd7 20. hxg6 fxg6 21. Nc4 Bb5 22. b3 Qe7 23. a4 Bxc4 24. Qxc4 Rf8 25. Qe2 Rf7 26. Ne1 Qe6 27. Rb1 Raf8 28. Nd3 c6 29. Qe3 h5 30. Rfd1 h4 31. Qh3 Qe7 32. Qg4 Bc5 33. Rb2 Ba7 34. Kh2 Rh8 35. Rbd2 Qf6 36. b4 Rh5 37. Nc5 Bxc5 38. bxc5 Rg5 39. Qh3 Qf4+ 40. Kh1 Qxe4 41. Rd7 Rgf5 42. Rxf7+ Rxf7 43. Qe3 Qxe3 44. fxe3 Kh6 45. Rb1 a5 46. Rd1 Kh5 47. Rd6 g5 48. Re6 Kg4 49. Rxe5 Rf5 50. Re7 Kg3 51. Kg1 Rf2 0-1

[Event "Geoagiu Bai Hunedoara op"]
[Site "Geoagiu Bai"]
[Date "2022.10.22"]
[Round "8"]
[White "Sadikhov, Ulvi Ramil Oglu"]
[Black "David, Alexandru Vasile"]
[Result "1-0"]
[WhiteElo "2473"]
[BlackElo "2417"]
[PlyCount "79"]
[EventDate "2022.10.16"]
[EventType "swiss"]
[EventRounds "9"]
[EventCountry "ROU"]
[SourceTitle "CBM 210 Extra"]
[Source "ChessBase"]
[SourceDate "2022.11.30"]
[SourceVersion "1"]
[SourceVersionDate "2022.11.30"]
[SourceQuality "1"]

1. e4 e6 2. d3 d5 3. Nd2 Nf6 4. Ngf3 Be7 5. g3 0-0 6. Bg2 a5 7. 0-0 a4 8. c3 a3 9. b4 c5 10. b5 dxe4 11. dxe4 Qd3 12. Rb1 Rd8 13. Ne5 Qxc3 14. Nec4 e5 15. Rb3 Qd4 16. Qc2 Be6 17. Rxa3 Rxa3 18. Bxa3 Qd3 19. Qxd3 Rxd3 20. Rc1 Rd8 21. Bb2 Nfd7 22. Rc2 f6 23. a4 Nf8 24. f4 Bg4 25. Ne3 Bh5 26. Nd5 Bd6 27. Nc4 exf4 28. gxf4 Ne6 29. Nxd6 Rxd6 30. f5 Ng5 31. Rxc5 Rd8 32. Kf2 Bf7 33. Rc8 Rxc8 34. Ne7+ Kf8 35. Nxc8 Bb3 36. a5 Ba4 37. Ba3+ Kg8 38. Nd6 Nf7 39. e5 Nxe5 40. Bxb7 1-0

[Event "Geoagiu Bai Hunedoara op"]
[Site "Geoagiu Bai"]
[Date "2022.10.21"]
[Round "7"]
[White "Bernadskiy, Vitaliy"]
[Black "Sadikhov, Ulvi Ramil Oglu"]
[Result "1/2-1/2"]
[WhiteElo "2570"]
[BlackElo "2473"]
[PlyCount "64"]
[EventDate "2022.10.16"]
[EventType "swiss"]
[EventRounds "9"]
[EventCountry "ROU"]
[SourceTitle "CBM 210 Extra"]
[Source "ChessBase"]
[SourceDate "2022.11.30"]
[SourceVersion "1"]
[SourceVersionDate "2022.11.30"]
[SourceQuality "1"]

1. e4 c5 2. c3 Nf6 3. e5 Nd5 4. Bc4 Nb6 5. Bb3 c4 6. Bc2 Nc6 7. Nf3 Qc7 8. Qe2 g5 9. Nxg5 Qxe5 10. d4 cxd3 11. Bxd3 Qxe2+ 12. Bxe2 Bg7 13. Na3 0-0 14. 0-0 d5 15. Nb5 h6 16. Nf3 Bf5 17. a4 a6 18. Nbd4 Be4 19. Be3 Nc4 20. Nxc6 bxc6 21. Bxc4 dxc4 22. Rfe1 Bd5 23. a5 Rfd8 24. Bb6 Rd7 25. Re2 Be6 26. Rae1 Rd5 27. h3 Rb5 28. Rd2 Rb8 29. Re4 Rb7 30. Rd8+ Kh7 31. Nd4 Bxd4 32. Bxd4 Rb8 1/2-1/2

[Event "Geoagiu Bai Hunedoara op"]
[Site "Geoagiu Bai"]
[Date "2022.10.20"]
[Round "6"]
[White "Parligras, Mircea Emilian"]
[Black "Sadikhov, Ulvi Ramil Oglu"]
[Result "1/2-1/2"]
[WhiteElo "2560"]
[BlackElo "2473"]
[PlyCount "68"]
[EventDate "2022.10.16"]
[EventType "swiss"]
[EventRounds "9"]
[EventCountry "ROU"]
[SourceTitle "CBM 210 Extra"]
[Source "ChessBase"]
[SourceDate "2022.11.30"]
[SourceVersion "1"]
[SourceVersionDate "2022.11.30"]
[SourceQuality "1"]

1. d4 Nf6 2. c4 g6 3. Nc3 Bg7 4. e4 d6 5. h3 0-0 6. Be3 Nc6 7. d5 Ne5 8. Be2 e6 9. Nf3 Nxf3+ 10. Bxf3 exd5 11. cxd5 Re8 12. 0-0 b5 13. a3 a6 14. Rc1 Nd7 15. Qd2 Nc5 16. Qc2 f5 17. b4 fxe4 18. Nxe4 Nxe4 19. Bxe4 Qh4 20. Bf3 Bf5 21. Qd2 Rac8 22. Rc6 Qf6 23. Be2 Qb2 24. Qxb2 Bxb2 25. Rxa6 Ra8 26. Bxb5 Rxa6 27. Bxe8 Rxa3 28. Bc1 Rb3 29. Bxb2 Rxb2 30. Rc1 Kf8 31. g4 Bxg4 32. hxg4 Kxe8 33. Rxc7 Rxb4 34. f3 Rd4 1/2-1/2